000 00259nam a2200097Ia 4500
001 643361
005 20250826153544.0
008 250824s9999 xx 000 0 und d
245 0 _aZAMAN YOLCULARI ÇANAKKALE SAVAŞINDA
_cMUSTAFA ORAKÇI
260 _bGENÇ TİMAŞ
999 _c643361
_d643361